Etnografía : metodología cualitativa en la investigación sociocultural

La etnografía es el estudio descriptivo de la cultura de una comunidad. Su carácter descriptivo, como sucede con la patografía respecto a la enfermedad, queda patente en las monografías etnográficas y se diferencia de la etnología que, al igual que la patología, resulta de análisis comparativos, ent...

Full description

Bibliographic Details
Main Author: Aguirre Baztán, Angel (ed.)
Format: Libro
Language:English
Published: Barcelona, España : Boixareu, 1995.
Series:Antropología 17
Subjects:
Online Access:

MARC

LEADER 00000cam a2200000 a 4500
001 005498
003 UAHC_CL
005 20210721125929.0
008 010822b xx j 000 1 eng
020 |a 842671031X 
040 |a UAHC_CL  |c UAHC_CL  |d UAHC_CL 
082 0 4 |a 305.8 A284 
100 1 |a Aguirre Baztán, Angel  |e ed. 
245 1 0 |a Etnografía :  |b metodología cualitativa en la investigación sociocultural  |c Angel Aguirre. 
260 |a Barcelona, España :  |b Boixareu,  |c 1995. 
300 |a 356 p. 
490 0 |a Antropología  |v 17 
520 |a La etnografía es el estudio descriptivo de la cultura de una comunidad. Su carácter descriptivo, como sucede con la patografía respecto a la enfermedad, queda patente en las monografías etnográficas y se diferencia de la etnología que, al igual que la patología, resulta de análisis comparativos, entre varias etnografías, con intención teórica. En la etnografía, la dimensión descriptiva no es obstáculo para el análisis de la cultura en términos de identidad, totalidad, eficacia, por lo que, como resultado de la acción etnográfica, estamos en condiciones de conocer la identidad étnica de la comunidad, de comprender la cultura como un todo orgánico y de verificar cómo esa cultura está viva y es eficaz en la resolución de los problemas de la comunidad. 
650 0 |a Etnología  |9 685 
650 0 |a Etnología  |9 13971  |x Metodología 
942 |c BK  |2 ddc 
952 |0 0  |1 0  |4 0  |6 305_800000000000000_AGU  |7 0  |8 General  |9 11945  |a BC  |b BC  |c General  |d 2017-08-03  |o 305.8 AGU  |p 1303593  |r 2026-01-14 00:00:00  |t 1  |w 2017-08-03  |y BK  |z También lo encuentras en bibliografias.academia.cl 
952 |0 0  |1 0  |4 0  |6 305_800000000000000_AGU  |7 0  |8 General  |9 11946  |a BC  |b BC  |c General  |d 2017-08-03  |o 305.8 AGU  |p 1314880  |r 2026-01-13 00:00:00  |t 2  |w 2017-08-03  |y BK  |z También lo encuentras en bibliografias.academia.cl 
952 |0 0  |1 0  |4 0  |6 305_800000000000000_AGU  |7 0  |8 General  |9 11947  |a BC  |b BC  |c General  |d 2017-08-03  |o 305.8 AGU  |p 1314879  |r 2026-01-13 00:00:00  |t 3  |w 2017-08-03  |y BK  |z También lo encuentras en bibliografias.academia.cl 
952 |0 0  |1 0  |4 0  |6 305_800000000000000_AGU  |7 0  |8 General  |9 11948  |a BC  |b BC  |c General  |d 2017-08-03  |l 5  |m 6  |o 305.8 AGU  |p 1315281  |r 2026-01-13 00:00:00  |s 2019-05-07  |t 4  |w 2017-08-03  |y BK  |z También lo encuentras en bibliografias.academia.cl 
952 |0 0  |1 0  |4 0  |6 305_800000000000000_AGU  |7 0  |8 General  |9 11949  |a BC  |b BC  |c General  |d 2017-08-03  |l 1  |o 305.8 AGU  |p 1315648  |r 2026-01-13 00:00:00  |s 2018-10-05  |t 5  |w 2017-08-03  |x Rayado con lápiz mina. RLC 05/10/2018  |y BK  |z También lo encuentras en bibliografias.academia.cl 
952 |0 0  |1 0  |4 0  |6 305_800000000000000_AGU  |7 0  |8 General  |9 11950  |a BC  |b BC  |c General  |d 2017-08-03  |o 305.8 AGU  |p 1334873  |r 2026-01-13 00:00:00  |t 6  |w 2017-08-03  |y BK  |z También lo encuentras en bibliografias.academia.cl 
952 |0 0  |1 0  |4 0  |6 305_800000000000000_AGU  |7 0  |8 General  |9 11951  |a BC  |b BC  |c General  |d 2017-08-03  |o 305.8 AGU  |p 1334874  |r 2026-01-13 00:00:00  |t 7  |w 2017-08-03  |y BK  |z También lo encuentras en bibliografias.academia.cl 
952 |0 0  |1 0  |4 0  |6 305_800000000000000_AGU  |7 0  |8 General  |9 11952  |a BC  |b BC  |c General  |d 2017-08-03  |o 305.8 AGU  |p 1337901  |r 2026-01-13 00:00:00  |t 8  |w 2017-08-03  |y BK  |z También lo encuentras en bibliografias.academia.cl 
952 |0 0  |1 0  |4 0  |6 305_800000000000000_AGU  |7 0  |8 General  |9 11953  |a BC  |b BC  |c General  |d 2017-08-03  |l 10  |m 3  |o 305.8 AGU  |p 1337902  |r 2026-01-05 16:48:49  |s 2025-10-20  |t 9  |w 2017-08-03  |x Rayado con lápiz mina CBB 05.09.2018  |y BK  |z También lo encuentras en bibliografias.academia.cl 
999 |c 5498  |d 5498